000 00618nam a22001457a 4500
020 _a978-0-143-41876-4
082 _a823
_bSIN/I
100 _aSINGH,RAVINDER
245 _a I TOO HAD A LOVE STORY
260 _aHARYANA
_bPENGUIN BOOKS
300 _a199
520 _aIt's about two strangers, the main characters, Ravin and Khushi. They both meet each other on a matrimonial site. And from there, they fall in love with each other establishing a soft feeling of adoration for the novel in the reader's heart. This story isn't the one where love happens at first sight.
650 _aENGLISH NOVEL
_zINDIA
942 _cBK
999 _c3381
_d3381